|
|
|
|
| LEADER |
00676 a2200157 4500 |
| 008 |
100208b ||||| |||| 00| 0 eng d |
| 082 |
|
|
|a 338.001
|
| 100 |
|
|
|a Sengupta, Nirmal.
|
| 245 |
|
|
|a New institutional theory of production :
|b an application /
|c Nirmal Sengupta
|
| 260 |
|
|
|b Sage publications India Pvt Ltd,
|a New Delhi:
|c 2001.
|
| 650 |
|
|
|a Production (Economic theory)
|
| 650 |
|
|
|a Social institutions
|
| 650 |
|
|
|a Associations, institutions, etc
|
| 942 |
|
|
|c BK
|
| 999 |
|
|
|c 316977
|d 316977
|
| 952 |
|
|
|0 0
|1 0
|2 ddc
|4 0
|6 338_001000000000000_SEN_N
|7 0
|9 363084
|a ECN
|b ECN
|c GEN
|d 2010-09-07
|e TBS Publishers Distributors, Calicut
|g 0.00
|i 7487
|l 0
|o 338.001 SEN/N
|p ECN7487
|r 2010-09-07
|w 2010-09-07
|y BK
|